Marketing-Management Analyse, Planung und Kontrolle

Na minha lista:
Detalhes bibliográficos
Autor principal: Kotler, Philip
Formato: Livro
Idioma:alemão
Publicado em: Stuttgart C.E.Poeschel Verlag 1977
Edição:2. aufl.
Assuntos:
Tags: Adicionar Tag
Sem tags, seja o primeiro a adicionar uma tag!

MARC

LEADER 00000nam a2200000 4500
001 c124677
005 20221123135530.8
020 |a 3-79100208-2 
041 0 |a ger 
044 |a AT 
245 1 0 |a Marketing-Management  |b Analyse, Planung und Kontrolle  |c Philip Kotler 
250 |a 2. aufl. 
264 1 |a Stuttgart  |b C.E.Poeschel Verlag  |c 1977 
300 |a 908 s. 
610 2 0 |a marketing manažment 
610 2 0 |a manažment 
610 2 0 |a manažment strategický 
610 2 0 |a marketing strategický 
100 1 |a Kotler, Philip